000 00593nam a2200193Ia 4500
003 GCL
008 140319s9999 xx 000 0 ara d
040 _aGCL /
_cGCL
082 0 4 _a347.03
_bع ن
100 1 _aعبدالمنعم احمد الشرقاوى
245 1 0 _aنظرية المصلحة فى الدعوى /
_cعبدالمنعم احمد الشرقاوى
260 _a[S.N] :
_bمكتبة وهبة ،
_c1974
300 _a445 ص
490 _a
650 0 4 _aالقانون
650 0 4 _aقانون المرافعات
650 0 4 _aالقانون المدنى
942 _2ddc
_cBK
999 _c28406
_d28406